000 00488nam a22001577a 4500
003 NUST
038 _aNusrat Nadeem
082 _a200
100 _aAhmed, Syed Hasnain
_9130551
245 _aPersonalized Marketing Strategies Using AI/
_cSyed Hasnain Ahmed,
264 _aIslamabad:
_bNBS NUST.
_c2025.
650 _aExecutive MBA
_9120079
700 _aSupervisor: Dr. Muhammad Adnan Waseem
_9130553
856 _uhttp://10.250.8.41:8080/xmlui/handle/123456789/54568
942 _2ddc
_cSC
999 _c614748
_d614748